| 000 | 02017cam a22004814i 4500 | ||
|---|---|---|---|
| 003 | PE-LiUPU | ||
| 005 | 20250731173343.0 | ||
| 008 | 150706s2005 sp rb 000 0 spa d | ||
| 020 | _a8481694770 | ||
| 035 | _a(Sirsi) i9788481694772 | ||
| 040 |
_aPE-LiUPU _bspa _cPE-LiUPU _erda |
||
| 049 | _aPRUA | ||
| 082 | 0 | 4 |
_a228.06 _bA45 _221 |
| 100 | 1 |
_aÁlvarez Valdés, Ariel, _eautor. |
|
| 245 | 1 | 3 |
_aLa nueva Jerusalén, ¿ciudad celeste o ciudad terrestre? : _bestudio exegético y teologíco de Ap 21,1-8 / _cAriel Álvarez Valdés. |
| 264 | 1 |
_aEstella (Navarra) : _bVerbo Divino, _c2005. |
|
| 300 |
_a404 páginas ; _c24 centímetros. |
||
| 336 |
_atext _2rdacontent |
||
| 337 |
_aunmediated _2rdamedia |
||
| 338 |
_avolume _2rdacarrier |
||
| 490 | 0 |
_aAsociación Bíblica Española ; _v42 |
|
| 504 | _aIncluye bibliografía. | ||
| 505 | 0 | _aLa nueva Jerusalén: Análisis general de la visión -- La nueva Jerusalén: Análisis especial de la visión -- La supuesta parusía de Jesucristo y la nueva Jerusalén: análisis de las visiones de Ap 19, 11-20, 15 -- Las escenas complementarias de la nueva Jerusalén: análisis de Ap 21, 9-22,5. | |
| 526 | _aSEG42 | ||
| 526 | _aSEG41 | ||
| 526 | _aSEG40 | ||
| 526 | _aSEG39 | ||
| 526 | _aP94 | ||
| 526 | _aP87 | ||
| 526 | _aP86 | ||
| 526 | _aP85 | ||
| 526 | _aP77 | ||
| 526 | _aP76 | ||
| 526 | _aP35 | ||
| 541 | _g007-0020317; | ||
| 630 |
_aBiblia. _pN.T. _pApocalipsis _xCrítica e interpretación. |
||
| 910 |
_agl _bjv _clch _d20091007 |
||
| 942 |
_2ddc _cBOOK |
||
| 949 |
_a228.06 A45 _wDEWEY _c1 _i60358 _d2016-6-15 _e2016-6-14 _lCCODEBUL1 _mBUL _n3 _p35.00 _r0 _sY _tBOOK _u2015-7-6 _xTEOLOGIA _zUNKNOWN _0COMPRA _o.STAFF. Colección Teología |
||
| 994 |
_aC0 _bPEPRU |
||
| 596 | _a1 | ||
| 999 |
_a228.06 A45 _wDEWEY _c49821 _i60358 _d49821 _e2019-6-17 _f2021-11-9 _g5 _lCCODEBUL1 _mBUL _n15 _p35.00 _q5 _r0 _sY _tBOOK _u2015-7-6 _xTEOLOGIA _PP35 _0COMPRA _o.STAFF. Colección Teología |
||
| 980 |
_81 _gALBERTO SANCHEZ Responsable de Automatización |
||